ARRUPE JESUIT UNIVERSITY

CORONAVIRUS -STOP THE SPREAD - CLEAN,DISINFECT,COVER
Normal view MARC view

Entry Personal Name

Number of records used in: 1

001 - CONTROL NUMBER

  • control field: 12249

003 - CONTROL NUMBER IDENTIFIER

  • control field: ARRUPE

005 - DATE AND TIME OF LATEST TRANSACTION

  • control field: 20141023105651.0

008 - FIXED-LENGTH DATA ELEMENTS

  • fixed length control field: 141023|| aca||aabn | a|a d

040 ## - CATALOGING SOURCE

  • Original cataloging agency: ARRUPE
  • Transcribing agency: ARRUPE

100 ## - HEADING--PERSONAL NAME

  • Personal name: Hume, David,
  • Dates associated with a name: 1711-1776.

670 ## - SOURCE DATA FOUND

  • Source citation: Work cat.: (ARRUPE)0: Strathern, Paul, 1940- 1755, Hume in 90 minutes /, c1996.

 

Arrupe Library. PO Box MP320 Mt Pleasant, Harare, Zimbabwe
263 242 745411|librarian@aju.ac.zw